000 01055cam a22003377a 4500
003 CHAP
005 20220817041305.0
008 971013s1948 r 00010 d
010 _a10519
011 _a11491
035 _a10729
040 _cCHAP
082 _a634.975
_bD3
100 0 0 _aDallimore, W.
_930959
245 1 2 _aA handbook of coniferae, including ginkgoaceae
250 _a3 ed
260 _aLondon :
_bArnold,
_c(c.1948)
300 _a686 p.
_b: ilus
590 _aBATCH-UPD
_b10
_c20130110
_lUCH01
_h0131
590 _aBATCH-UPD
_b10
_c20130110
_lUCH01
_h1800
590 _aBATCH-UPD
_b10
_c20130410
_lUCH01
_h1136
590 _aBATCH-UPD
_b10
_c20130914
_lUCH01
_h1034
590 _aCONVERSION
_b10
_c20130109
_lUCH01
_h1307
650 1 4 _aConíferas.
650 1 4 _aGinkgoaceae.
_948084
700 0 _aJackson, A. Bruce.
_960798
901 _aBK
942 _cLIBRO
949 _a634.975 D3
_bBC
_cLIBRO
_d33724000238234
_eLIBRO
_fc.2
_h23886
_i10729
_si
_t157.50
949 _a634.975 D3
_bBC
_cLIBRO
_d33724000677654
_eLIBRO
_h23885
_i10729
_si
_t157.50
999 _c10519
_d10519